Culture Générale - Série 863 - Statistiques

Statistiques générales
  • Ce quiz a été pris 104 fois
  • Le résultat moyen est 5 sur 10
Statistiques - réponses
Question Réponse % Correct
Sur quel arbre fruitier peut-on cueillir des reinettes ? pommier
93%
Quel nom donne-t-on au transport des marchandises ? fret
79%
Petites bêtes, invisibles à l'oeil nu, qui vivent surtout dans les tissus, la laine et la plume ? acariens
76%
Quel appareil d'acrobatie est l'homonyme d'une figure géométrique et d'un muscle humain ? trapèze
73%
Comment appelle-t-on la diarrhée fréquente chez les touristes ? turista
59%
Substance fertilisante composée d'excréments d'oiseaux marins et de chauves-souris, pouvant être utilisée comme engrais guano
49%
De quelle région de France la cotriade est-elle un plat typique ? Bretagne
30%
Dans la cuisine italienne, comment appelle-t-on cette variété de langoustines frites ? scampi
23%
Quelle prénom féminin peut qualifier une huitre ? Claire
16%
Ce terme désigne une baignoire, un bassin ou une cuvette. Il prend le plus souvent la forme d'une bassine plate en zinc, dans laquelle on fait ses ablutions. tub
15%
Aucun quiz correspondant
Distribution des résultats
% des personnes avec chaque résultat
Percentile par nombre de réponses
Votre historique - résultats
Vous n’avez pas pris ce quiz